00597nam a2200169Ia 4500008004100000020001800041041001200059082001100071100001700082245005600099260003200155300000800187650001500195942000700210999001500217952019500232221030s9999 xx 000 0 und d a9788131806029 aEnglish a105.23 aR. K. Rajput 0aElements of Mechanical Engineeringcby R. K. Rajput bLaxmi Pub.aNew Delhic2008 a620 aMechanical cBK c8965d8965 pBE 10631g225.00i80l0o105.23 eDurga Books, Amritsarr2024-06-13 00:00:00w2022-10-30yBK003Print4071aMIETLIBbMIETLIBcBL-Academic Block B, FL-1, CUP-1, SH-3, R-3d2010-03-1110HBE